000 00547nam a22001937a 4500
003 OSt
005 20140310181754.0
008 130628t xxu||||| |||| 00| 0 eng d
020 _a971086856X
050 _aPN 6014
_b.T114 2008
082 _aFIL 800
_bT114 2008
100 _aTabotabo, Claudio
245 _aA travel to the literatures of the world /
_cClaudio Tabotabo.
260 _aMandaluyong City :
_bNational Book Store,
_c2008.
300 _avii. 361 p. :
_c22 cm.
650 _aWorld Literature
942 _2lcc
_cBK
999 _c3347
_d3347